00341nam a2200109Ia 4500008004100000082002000041100002200061245001000083260004400093630001800137650007600155211109s9999||||xx |||||||||||||| ||und|| a894.8123bVAR-K aVarkey, Ponkunnam 0aKadha bSahithya Pravarthaka...aKottayamc1998 xGeneral stack aLiterature & rhetoricvmalayalam literaturexmalayalam storiesMalayalam